Lover, You Should've Come Over - Jeff Buckley - Statistics

General Stats
  • This quiz has been taken 1,489 times
  • The average score is 259 of 329
Answer Stats
Answer % Correct
I
99%
a
97%
you
97%
love
96%
love!
96%
the
96%
The
96%
over
95%
should
95%
it
93%
To
93%
to
93%
come
92%
for
91%
my
91%
My
91%
on
91%
too
91%
Too
91%
and
90%
And
90%
Lover
90%
lover
90%
he
89%
He
89%
see
89%
should've
89%
So
89%
so
89%
up
89%
it's
88%
It's
88%
in
87%
never
87%
no
86%
rain
86%
upon
85%
young
85%
your
84%
Oh
83%
Oh-oh
83%
oh-oh-oh
83%
Looking
82%
of
82%
her
81%
shoes
81%
with
81%
With
81%
door
80%
old
80%
run
80%
that
80%
When
80%
break
79%
But
79%
but
79%
Fall
79%
free
79%
I'm
79%
out
79%
sweet
79%
Sweet
79%
be
78%
from
78%
hold
78%
keep
78%
fun
77%
going
77%
just
77%
late
77%
water
77%
ever
76%
fill
76%
good
76%
not
76%
shoulder
75%
All
74%
As
74%
is
74%
kiss
74%
man
74%
Maybe
74%
maybe
74%
much
74%
Much
74%
funeral
73%
mourners
73%
wrong
73%
damage
72%
done
72%
kingdom
72%
know
72%
Sometimes
72%
tonight
72%
tonight?
72%
wait
72%
way
72%
feel
71%
Will
71%
will
71%
you're
71%
away
70%
blind
70%
down
70%
mind
70%
carried
69%
hungry
69%
I'll
69%
one
69%
return?
69%
feed
68%
gets
68%
She
68%
window
68%
laughter
67%
sad
67%
their
67%
who
67%
burn
66%
he's
66%
Parading
66%
tear
66%
wake
66%
Where
66%
has
65%
sweetness
65%
blood
64%
Broken
64%
how
64%
need
64%
soul
64%
are
63%
learn?
63%
relations
63%
body
62%
feels
62%
forever
62%
hangs
62%
his
62%
like
62%
Really
62%
'Cause
61%
find
61%
having
61%
inside
61%
lets
61%
must
61%
open
60%
sleep
60%
turns
60%
yearns
60%
I've
59%
won't
59%
riches
58%
against
56%
Lonely
56%
bed
54%
you'll
54%
Child
53%
made
53%
soft
53%
him
51%
smiles
51%
awake
50%
had
50%
only
50%
room
50%
slept
49%
corner
47%
dreams
45%
dumb
43%
Burning
38%
deaf
36%
ya
36%
waited
31%
well
28%
yeah
27%
yes
26%
Yes
26%
No matching quizzes found
Score Distribution
Percent of People with Each Score
Percentile by Number Answered
Your Score History
You have not taken this quiz